000
00277nam a2200097Ia 4500
005
20251222114357.0
008
251222s1900||||xx |||||||||||||| ||spa||
082
_a
DVD0010/T98F/2004
245
0
_a
La batalla de Riddick: furia negra:The chronicles of Riddick: dark fury
942
_c
DVD
999
_c
1496
_d
1496